Score 0/14 Timer 04:00
4 Plays Today
Scrambled Sea Sea % Correct
DRERED
99.7%
FULG FO EXIMOCGULF OF MEXICO
92.5%
THORNNORTH
92.1%
PNJAAJAPAN
90.5%
LACTIBBALTIC
88.6%
SUTOH NICAH SOUTH CHINA
84.5%
SATE NIHACEAST CHINA
80.2%
Scrambled Sea Sea % Correct
AADEEIMNNRRTEMEDITERRANEAN
69.4%
BANARIAARABIAN
58.4%
GERBINBERING
49.6%
BABACINERCARIBBEAN
42.7%
HOUNDS AYBHUDSON BAY
30.7%
MADANANANDAMAN
13.4%
SHOKOTKOKHOTSK
7.1%

You're not logged in!

Compare scores with friends on all Sporcle quizzes.
OR
Log In

Sporcle TV

Today on Sporcle TV


Watch our educational content, quiz creation guides, and fun videos on Sporcle TV.

Show Comments

Extras

Top Quizzes Today


Score Distribution

Paid Content

Your Account Isn't Verified!

In order to create a playlist on Sporcle, you need to verify the email address you used during registration. Go to your Sporcle Settings to finish the process.

Report this User

Report this user for behavior that violates our Community Guidelines.

Details: